Česko jako satelit eurozóny?

Flexibilná, resp. viacrýchlostná integrácia v Európskej únii. Fiškálny pakt - samostatná medzivládna dohoda na vyriešenie dlhovej krízy. Možné scenáre ďalšieho vývoja inštitucionálnej a mocensko-politickej štruktúry eurozóny. Implikácie pre Českú republiku.

Guardado en:
Detalles Bibliográficos
Autor principal: Beneš, Vít
Otros Autores: Braun, Mats
Formato: Capítulo de libro
Lenguaje:checo
Materias:
Etiquetas: Agregar Etiqueta
Sin Etiquetas, Sea el primero en etiquetar este registro!

MARC

LEADER 00000naa a2200000 4500
001 0149582
005 20231016095006.5
041 0 |a cze 
044 |a CZ 
245 1 0 |a Česko jako satelit eurozóny?  |c Vít Beneš, Mats Braun 
520 |a Flexibilná, resp. viacrýchlostná integrácia v Európskej únii. Fiškálny pakt - samostatná medzivládna dohoda na vyriešenie dlhovej krízy. Možné scenáre ďalšieho vývoja inštitucionálnej a mocensko-politickej štruktúry eurozóny. Implikácie pre Českú republiku. 
610 2 0 |a eurozóna 
610 2 0 |a Európska únia 
610 2 0 |a politika fiškálna 
610 2 0 |a dohody medzinárodné 
610 2 0 |a zadlženosť 
610 2 0 |a dlhy štátne 
610 2 0 |a Česko 
100 1 |a Beneš, Vít 
700 1 |a Braun, Mats